• 首页
  • 本馆介绍
  • 公告通知
  • 最新文献
  • 馆藏检索
  • 电子资源
  • 读者导购
  • 参考咨询
  • 我的图书馆
  • 登录
  • 详细信息显示
  • 放入我的书架
  • 预约/预借图书
  • 作者相关作品
  • 分类相关作品
  • 丛书相关作品
  • 出版社相关作品

书目信息

  • 表格格式
  • 工作单格式
  • 卡片格式
题名:
宁夏彩叶植物景观应用研究
    
 
作者: 张光弟, , 张光弟等 著
分册:  
出版信息: 银川   阳光出版社  2015
页数: 327页
开本: 23cm
丛书名:
单 册:
中图分类: S682.36
科图分类:
主题词: 观叶植物--guan ye zhi wu--观赏园艺--研究
电子资源:
ISBN: 978-7-5525-1664-7
000 01241nam0 2200277 450
001 1765888545
005 20161207151528.0
010    @a978-7-5525-1664-7@dCNY68.00
100    @a20160810d2015 ekmy0chiy50 ea
101 0  @achi@alat
102    @aCN@b110000
105    @aak a 000yy
106    @ar
200 1  @a宁夏彩叶植物景观应用研究@Aning xia cai ye zhi wu jing guan ying yong yan jiu@d= Application study of color plants on garden landscape in Ningxia@f张光弟[等] 著@Fzhang guang di[deng]zhu@zeng
210    @a银川@c阳光出版社@d2015
215    @a327页@c图 (部分彩图)@d23cm
300    @a宁夏大学优秀学术著作出版基金 国家成果转化项目 (2012GB2G300484) 中央财政林业科技推广示范项目[2014] 02号资助
320    @a有书目 (第321-327页)
330    @a本书共六章,首先概述了彩叶植物的应用,然后详细讲述了彩叶乔灌植物的营养繁殖、嫁接繁殖、整形修剪及景观配置时的光合生理,最后介绍了几种主要彩叶乔灌植物品种栽培的要点。
510 1  @aApplication study of color plants on garden landscape in Ningxia@zeng
606 0  @a观叶植物@Aguan ye zhi wu@x观赏园艺@x研究
690    @aS682.36@v5
701  0 @a张光弟,@Azhang guang di@f1963-@4著
701  0 @a张光弟等@Azhang guang di deng@4著
801  0 @aCN@bZSU@c20160826
905    @aBZT@dS682.36@e8
    
    宁夏彩叶植物景观应用研究= Application study of color plants on garden landscape in Ningxia/张光弟[等] 著.-银川:阳光出版社,2015
    327页:图 (部分彩图);23cm
    宁夏大学优秀学术著作出版基金 国家成果转化项目 (2012GB2G300484) 中央财政林业科技推广示范项目[2014] 02号资助
    
    ISBN 978-7-5525-1664-7:CNY68.00
    本书共六章,首先概述了彩叶植物的应用,然后详细讲述了彩叶乔灌植物的营养繁殖、嫁接繁殖、整形修剪及景观配置时的光合生理,最后介绍了几种主要彩叶乔灌植物品种栽培的要点。
●
相关链接 在五车中查询图书 在当当中查询图书 在豆瓣中查询图书


正题名:宁夏彩叶植物景观应用研究     索取号:S682.36/8         预约/预借

序号 登录号 条形码 馆藏地/架位号 状态 备注
1 827153   2000827153   第二书库/ [索取号:S682.36/8] 在馆    
2 827154   2000827154   第二书库/ [索取号:S682.36/8] 在馆    
3 827155   2000827155   第二书库/ [索取号:S682.36/8] 在馆    
山东省滨州职业学院图书馆 欢迎您!
大连网信软件有限公司© 版权所有